[Event "CHI-ch sf"]
[Site "Vina del Mar"]
[Date "2022.02.13"]
[Round "8"]
[White "Villa Gonzalez, Nicolas Alexis"]
[Black "Montero Martinez, Cristian"]
[Result "1/2-1/2"]
[WhiteElo "1742"]
[BlackElo "2021"]
[PlyCount "51"]
[EventDate "2022.02.08"]
[EventType "swiss"]
[EventRounds "8"]
[EventCountry "CHI"]
[SourceTitle "CBM 207 Extra"]
[Source "ChessBase"]
[SourceDate "2022.05.31"]
[SourceVersion "1"]
[SourceVersionDate "2022.05.31"]
[SourceQuality "1"]

1. Nf3 c5 2. c4 b6 3. g3 Bb7 4. Bg2 e6 5. 0-0 a6 6. d4 cxd4 7. Nxd4 Bxg2 8. Kxg2 Nf6 9. b3 Qc7 10. Bb2 b5 11. Nd2 bxc4 12. Nxc4 d5 13. Nd2 Nbd7 14. Rc1 Qb7 15. Qc2 Bc5 16. a3 a5 17. Qd3 0-0 18. Qb5 Qxb5 19. Nxb5 Rab8 20. a4 Bb4 21. Bc3 Rfc8 22. Bxb4 axb4 23. Nd6 Rc3 24. Nb5 Rcc8 25. Nd6 Rc3 26. Nb5 1/2-1/2

[Event "CHI-ch sf"]
[Site "Vina del Mar"]
[Date "2022.02.12"]
[Round "7"]
[White "Bulgarini Torre, Marco"]
[Black "Villa Gonzalez, Nicolas Alexis"]
[Result "0-1"]
[WhiteElo "1777"]
[BlackElo "1742"]
[PlyCount "100"]
[EventDate "2022.02.08"]
[EventType "swiss"]
[EventRounds "8"]
[EventCountry "CHI"]
[SourceTitle "CBM 207 Extra"]
[Source "ChessBase"]
[SourceDate "2022.05.31"]
[SourceVersion "1"]
[SourceVersionDate "2022.05.31"]
[SourceQuality "1"]

1. e4 d6 2. Nc3 Nf6 3. g3 g6 4. Bg2 c5 5. d3 Bg7 6. Nh3 0-0 7. 0-0 Nc6 8. f4 Bg4 9. Qd2 Nd4 10. Kh1 Rb8 11. Ng1 b5 12. h3 Bc8 13. Qf2 Kh8 14. Nd1 b4 15. Ne3 Ba6 16. g4 Bb7 17. Bd2 a5 18. c3 Nb5 19. Nf3 bxc3 20. bxc3 Nd7 21. Rac1 Nc7 22. Nc4 Ra8 23. Qh4 d5 24. exd5 Bxd5 25. f5 Nf6 26. Nb6 Rb8 27. Nxd5 Ncxd5 28. Bh6 Bxh6 29. Qxh6 Ng8 30. Qh4 Kg7 31. fxg6 hxg6 32. c4 Ndf6 33. Ne5 Qd6 34. Rce1 Nh7 35. Nxf7 Qxd3 36. Bd5 g5 37. Qf2 Qxh3+ 38. Qh2 Qxh2+ 39. Kxh2 Rb2+ 40. Kg3 Rxa2 41. Rf3 Rd2 42. Rh1 Ngf6 43. Ne5 Re2 44. Nd3 e6 45. Bc6 Rc8 46. Bb7 Rc7 47. Rb1 Ne4+ 48. Kh3 Nd2 49. Rb2 Nxf3 50. Rxe2 Ng1+ 0-1